| LEADER |
00949nam0a2200193 450 |
| 001 |
16868120 |
| 010 |
|
|
|a 978-2-36360-698-3Â
|b br.Â
|d 25 €Â
|
| 100 |
|
|
|a 20220512d2022 u u0frey01 baÂ
|
| 101 |
0 |
|
|a freÂ
|
| 102 |
|
|
|a FRÂ
|
| 200 |
0 |
|
|a Héritières de la salamandre (Les)Â
|f Françoise BourdonÂ
|
| 207 |
|
1 |
|a Â
|
| 215 |
|
|
|a 1 vol. (488 p.)Â
|d 22 x 15 cmÂ
|
| 330 |
|
|
|a En 1965, en regardant un documentaire sur la BBC, la célèbre pianiste Esther Leavers découvre l'histoire du village de La Roque-sur-Pernes, dans le Vaucluse, dont la reconstruction après 1945 a été confiée à des immigrés roumains de la région de Bannat. Or, dans le reportage, une certaine Alexandra Mayer est interviewée. C'est le nom de jeune fille de la mère d'Esther.Â
|
| 676 |
|
|
|a 843Â
|
| 700 |
|
0 |
|a BourdonÂ
|b FrançoiseÂ
|f 1953-....Â
|4Â 70Â
|
| 900 |
|
|
|a RomanÂ
|
| 901 |
|
|
|a AdultesÂ
|
| 995 |
|
|
|a MédiathèqueÂ
|c MédiathèqueÂ
|f 00156009944752Â
|h 00156009944752Â
|k R BOUÂ
|o pÂ
|q aÂ
|r azÂ
|e MédiathèqueÂ
|